000 00703nam a2200253Ia 4500
003 OSt
005 20220918201528.0
006 a|||||r|||| 00| 0
007 ta
008 220917b |||||||| |||| 00| 0 eng d
024 _a94,603
037 _cTextual
040 _aARTS
_cARTS
_beng
041 _2eng
_aeng
082 _aV2.L07<--K58, L8
100 _aNagar Ishwardas
_999275
245 0 _aFutuhat-i-Alamgiri Ed and tr by Tasneem Ahmed
260 _aDelhi
_b#NAME?
_c1978
300 _axxxii, 305p. illus
_ccm.
490 _aI A D oriental (original ) series; 5
650 _aHISTORY
942 _hV2.L07<--K58, L8
_cTEXL
_2CC
999 _c218228
_d218228